000 00712nam a2200241Ia 4500
008 191130s2001##################000#0#eng##
020 _a9780130197498
022 _a44089
040 _aACL
_cACL
082 _a650.01513 CAI
100 _aCain, Jack
245 _aMathematics for business careers
_cJack Cain, Robert A. Carman
250 _a5th ed
260 _aUpper Saddle River, NJ
_bPrentice Hall
_c2001
300 _axviii, 728, [67] p. : ill. ; 28 cm
500 _aIncludes index
650 _aBusiness mathematics
650 _aBusiness mathematics - Problems, exercises, etc
700 _aCarman, Robert A
990 _affd6c50aac10000c6d276f9c6c185384
991 _a134251
999 _c5850
_d5850